书目信息 |
| 题名: |
可再生能源在建筑中的应用集成
|
|
| 作者: | 刘令湘 编译 | |
| 分册: | ||
| 出版信息: | 北京 中国建筑工业出版社 2012 |
|
| 页数: | 12, 240页 | |
| 开本: | 26cm | |
| 丛书名: | 建筑节能低碳最新技术丛书 | |
| 单 册: | ||
| 中图分类: | TU18 | |
| 科图分类: | ||
| 主题词: | 再生能源--zai sheng neng yuan--应用--建筑工程 | |
| 电子资源: | ||
| ISBN: | 978-7-112-14302-3 | |
| 000 | 01073cam 2200277 450 | |
| 001 | 0100004338 | |
| 005 | 20191104095609.28 | |
| 010 | @a978-7-112-14302-3@dCNY56.00 | |
| 100 | @a20150821d2012 em y0chiy50 ea | |
| 101 | 2 | @achi |
| 102 | @aCN@b110000 | |
| 105 | @aa a 000yy | |
| 200 | 1 | @a可再生能源在建筑中的应用集成@Ake zai sheng neng yuan zai jian zhu zhong de ying yong ji cheng@f刘令湘编译 |
| 210 | @a北京@c中国建筑工业出版社@d2012 | |
| 215 | @a12, 240页@c图 (部分彩图)@d26cm | |
| 225 | 2 | @a建筑节能低碳最新技术丛书@Ajian zhu jie neng di tan zui xin ji shu cong shu |
| 312 | @a英文并列题名取自封面 | |
| 320 | @a有书目 (第211-212页) | |
| 330 | @a本书主要介绍了建筑材料可持续发展、智能材料、建筑光照变革, 可再生能源在建筑中的应用集成等。 | |
| 410 | 0 | @12001 @a建筑节能低碳最新技术丛书 |
| 510 | 1 | @aBuilding-integrated applications of renewable energies@zeng |
| 606 | 0 | @a再生能源@Azai sheng neng yuan@x应用@x建筑工程 |
| 690 | @aTU18@v5 | |
| 701 | 0 | @a刘令湘@Aliu ling xiang@4编译 |
| 801 | 0 | @aCN@c20150827 |
| 905 | @a河南城建学院图书馆@dTU18@eL6472 | |
| 可再生能源在建筑中的应用集成/刘令湘编译.-北京:中国建筑工业出版社,2012 |
| 12, 240页:图 (部分彩图);26cm.-(建筑节能低碳最新技术丛书) |
| ISBN 978-7-112-14302-3:CNY56.00 |
| 本书主要介绍了建筑材料可持续发展、智能材料、建筑光照变革, 可再生能源在建筑中的应用集成等。 |
| ● |
| 相关链接 |
|
|
|
正题名:可再生能源在建筑中的应用集成
索取号:TU18/L6472
 
预约/预借
| 序号 | 登录号 | 条形码 | 馆藏地/架位号 | 状态 | 备注 |
| 1 | 1177947 | 211779477 | 建筑库101/101建筑库 27排1列3层/ [索取号:TU18/L647-2] | 在馆 | |
| 2 | 1177948 | 211779486 | 建筑库101/101建筑库 27排1列3层/ [索取号:TU18/L647-2] | 在馆 | |
| 3 | 1177949 | 211779495 | 建筑库101/101建筑库 27排1列3层/ [索取号:TU18/L647-2] | 在馆 | |
| 4 | 1449342 | 214493421 | 建筑库101/101建筑库 27排1列3层/ [索取号:TU18/L6472] | 在馆 | |
| 5 | 1449344 | 214493449 | 建筑库101/101建筑库 27排1列3层/ [索取号:TU18/L6472] | 在馆 | |
| 6 | 1449345 | 214493458 | 建筑库101/101建筑库 27排1列3层/ [索取号:TU18/L6472] | 在馆 | |
| 7 | 1449346 | 214493467 | 建筑库101/101建筑库 27排1列3层/ [索取号:TU18/L6472] | 在馆 | |
| 8 | 1449347 | 214493476 | 建筑库101/101建筑库 27排1列3层/ [索取号:TU18/L6472] | 在馆 |